[Event "Thüringenliga 2013/2014"]
[Site "?"]
[Date "2013.10.20"]
[Round "2"]
[White "George, Tom"]
[Black "Kalisch, Michael"]
[Result "0-1"]
[WhiteElo "1831"]
[BlackElo "1978"]
[PlyCount "32"]
[EventDate "2013.??.??"]
[WhiteTeam "SG Blau-Weiß Stadtilm"]
[BlackTeam "ESV Lok Sömmerda"]

1. e4 c6 2. d4 d5 3. f3 dxe4 4. fxe4 e5 5. Nf3 Be6 6. Nc3 Nd7 7. Be3 Ngf6 8.
Qd3 Qa5 9. O-O-O Bb4 10. d5 cxd5 11. exd5 Bg4 12. h3 Bh5 13. g4 Bg6 14. Qc4 O-O
15. a3 Bxa3 16. g5 Rac8 0-1

[Event "Thüringenliga 2013/2014"]
[Site "?"]
[Date "2013.10.20"]
[Round "2"]
[White "Koksch, Robert"]
[Black "Berner, Stephan"]
[Result "1/2-1/2"]
[WhiteElo "1938"]
[BlackElo "1875"]
[PlyCount "34"]
[EventDate "2013.??.??"]
[WhiteTeam "ESV Lok Sömmerda"]
[BlackTeam "SG Blau-Weiß Stadtilm"]

1. d4 d5 2. c4 e6 3. Nc3 Nf6 4. Nf3 Be7 5. e3 O-O 6. Bd3 dxc4 7. Bxc4 c5 8. O-O
Nc6 9. dxc5 Bxc5 10. Qxd8 Rxd8 11. a3 a6 12. b4 Ba7 13. Bb2 b5 14. Bb3 Bb7 15.
Rad1 Rac8 16. Rxd8+ Rxd8 17. Rd1 Rxd1+ 1/2-1/2

[Event "Thüringenliga 2013/2014"]
[Site "?"]
[Date "2013.10.20"]
[Round "2"]
[White "Schröter, Maik"]
[Black "Kühn, Martin"]
[Result "1-0"]
[WhiteElo "1775"]
[BlackElo "1937"]
[PlyCount "79"]
[EventDate "2013.??.??"]
[WhiteTeam "SG Blau-Weiß Stadtilm"]
[BlackTeam "ESV Lok Sömmerda"]

1. e4 e6 2. d4 d5 3. exd5 exd5 4. Bd3 Bd6 5. Nf3 Nf6 6. Qe2+ Be6 7. Ng5 Qe7 8.
Nxe6 fxe6 9. f4 c5 10. c3 cxd4 11. cxd4 Nc6 12. Bb5 O-O 13. Bxc6 bxc6 14. O-O
Bc7 15. Be3 Rab8 16. Nc3 Ba5 17. Nd1 Rb7 18. a3 Ne4 19. b4 Bb6 20. Nf2 Nd6 21.
Ng4 Nf5 22. Qd2 Bc7 23. g3 Qe8 24. Qe2 Nd6 25. Ne5 Ne4 26. Qa6 Bxe5 27. Qxb7
Rf7 28. Qa6 Bc7 29. Rac1 Bb6 30. Qd3 Rc7 31. Rc2 Nd6 32. Re1 Nf5 33. Rec1 Qg6
34. Rxc6 Rxc6 35. Rxc6 Nxe3 36. Qxe3 Qb1+ 37. Kg2 Qb2+ 38. Kh3 h6 39. Qxe6+ Kh7
40. Qg6+ 1-0

[Event "Thüringenliga 2013/2014"]
[Site "?"]
[Date "2013.10.20"]
[Round "2"]
[White "Kirste, Olaf"]
[Black "Schmidt, Daniel"]
[Result "1-0"]
[WhiteElo "1861"]
[BlackElo "1743"]
[PlyCount "97"]
[EventDate "2013.??.??"]
[WhiteTeam "ESV Lok Sömmerda"]
[BlackTeam "SG Blau-Weiß Stadtilm"]

1. c4 c5 2. Nf3 Nc6 3. d4 cxd4 4. Nxd4 Nf6 5. Nc3 e6 6. g3 Bc5 7. Nc2 O-O 8.
Bg2 Ng4 9. O-O Nxf2 10. Rxf2 Bxf2+ 11. Kxf2 Ne5 12. Qd4 Nc6 13. Qd6 Qf6+ 14.
Kg1 Qg6 15. e4 f6 16. Be3 Ne5 17. Bc5 Re8 18. Ne3 b6 19. Ba3 Bb7 20. b3 Bc6 21.
Qd4 Qh5 22. Rf1 Ng4 23. Nxg4 Qxg4 24. Bd6 Qg5 25. a4 f5 26. Nb5 Red8 27. Bf4
Qg6 28. Nd6 fxe4 29. Nxe4 Qh5 30. Bf3 Qg6 31. Bd6 Qh6 32. Bg2 Re8 33. Be5 Qg6
34. Nd6 Rf8 35. Be4 Rxf1+ 36. Kxf1 Rf8+ 37. Ke2 Bxe4 38. Qxe4 Qxe4+ 39. Nxe4
Rf5 40. Bd6 Kf7 41. h4 Ke8 42. Ng5 h6 43. Nf3 g5 44. hxg5 hxg5 45. g4 Rf7 46.
Ke3 Rg7 47. Be5 Rg8 48. Bf6 Kf7 49. Bxg5 1-0

[Event "Thüringenliga 2013/2014"]
[Site "?"]
[Date "2013.10.20"]
[Round "2"]
[White "Werner, Justus"]
[Black "Vogel, Alfred"]
[Result "1/2-1/2"]
[WhiteElo "1822"]
[BlackElo "1799"]
[PlyCount "68"]
[EventDate "2013.??.??"]
[WhiteTeam "SG Blau-Weiß Stadtilm"]
[BlackTeam "ESV Lok Sömmerda"]

1. c4 e5 2. Nc3 Nf6 3. g3 g6 4. Bg2 Bg7 5. e3 O-O 6. Nge2 d6 7. O-O Nc6 8. d4
Re8 9. b3 Bg4 10. f3 Bd7 11. Bb2 Qc8 12. d5 Ne7 13. e4 Bh3 14. Qd2 h5 15. Rae1
Kh7 16. Bc1 Neg8 17. Qc2 Nh6 18. Bg5 Nfg8 19. f4 Bxg2 20. Kxg2 f6 21. Bxh6 Nxh6
22. fxe5 fxe5 23. Ng1 Rf8 24. Nf3 Bf6 25. h3 Qd7 26. Rf2 Rf7 27. Ref1 Raf8 28.
Qe2 Bd8 29. Nd1 Kg7 30. Ne3 a6 31. c5 Qe7 32. h4 Qd7 33. Qc2 Ng4 34. Nxg4 Qxg4
1/2-1/2

[Event "Thüringenliga 2013/2014"]
[Site "?"]
[Date "2013.10.20"]
[Round "2"]
[White "Sobolevsky, Leonid"]
[Black "Middelhoff, Cornelius"]
[Result "1-0"]
[WhiteElo "2140"]
[BlackElo "2052"]
[PlyCount "103"]
[EventDate "2013.??.??"]
[WhiteTeam "Schachzirkel Elstertal Langenberg"]
[BlackTeam "SV Jenapharm Jena"]

1. e4 c5 2. Nf3 Nc6 3. Nc3 e6 4. d4 cxd4 5. Nxd4 Qc7 6. Be3 Nf6 7. Bd3 Be7 8.
O-O O-O 9. Ndb5 Qb8 10. f4 d6 11. a4 Rd8 12. Qf3 Nb4 13. g4 Nxd3 14. cxd3 a6
15. Na3 d5 16. Bb6 Re8 17. exd5 Nxd5 18. Nxd5 exd5 19. Bd4 Qd6 20. Nc2 Bf6 21.
Rae1 Bd7 22. Be5 Qc5+ 23. Ne3 d4 24. Qd5 Qc6 25. Qxd4 Bxe5 26. fxe5 Qxa4 27.
Qxa4 Bxa4 28. Nf5 Rad8 29. d4 Bb3 30. Rc1 Rd7 31. Nd6 Red8 32. Rc3 Be6 33. g5
b6 34. Rc6 Rb8 35. Rfc1 Kf8 36. Rc8+ Rd8 37. R8c7 Rd7 38. Rxd7 Bxd7 39. Rc7 Be6
40. Kf2 Bd5 41. Ke3 a5 42. Ra7 Rd8 43. Kf4 Rb8 44. h4 Rd8 45. h5 Rb8 46. h6 g6
47. Ne4 Bb3 48. Nf6 a4 49. Nxh7+ Kg8 50. Nf6+ Kf8 51. d5 b5 52. e6 1-0

[Event "Thüringenliga 2013/2014"]
[Site "?"]
[Date "2013.10.20"]
[Round "2"]
[White "Zipfel, Frank"]
[Black "Watzke, Birger"]
[Result "0-1"]
[WhiteElo "2034"]
[BlackElo "2146"]
[PlyCount "68"]
[EventDate "2013.??.??"]
[WhiteTeam "SV Jenapharm Jena"]
[BlackTeam "Schachzirkel Elstertal Langenberg"]

1. g3 c5 2. Bg2 g6 3. e4 Bg7 4. f4 d6 5. Nf3 Nc6 6. O-O e6 7. d3 Nge7 8. c3 d5
9. Qe2 O-O 10. Kh1 b6 11. Be3 Ba6 12. e5 d4 13. cxd4 Nf5 14. Bf2 Ncxd4 15. Nxd4
Nxd4 16. Bxd4 Qxd4 17. Bxa8 Bxd3 18. Qf3 Bxf1 19. Nc3 Bd3 20. Rd1 c4 21. Be4
Rd8 22. Bxd3 cxd3 23. Rd2 f6 24. exf6 Bxf6 25. Ne4 Kf7 26. Kg2 Qd5 27. Nxf6
Kxf6 28. Qxd5 Rxd5 29. Kf3 Kf5 30. h3 e5 31. fxe5 Kxe5 32. Ke3 h5 33. Kf3 Kd4
34. g4 Rc5 0-1

[Event "Thüringenliga 2013/2014"]
[Site "?"]
[Date "2013.10.20"]
[Round "2"]
[White "Streit, Michael"]
[Black "Mucha, Annegret"]
[Result "1-0"]
[WhiteElo "1911"]
[BlackElo "1986"]
[PlyCount "87"]
[EventDate "2013.??.??"]
[WhiteTeam "Schachzirkel Elstertal Langenberg"]
[BlackTeam "SV Jenapharm Jena"]

1. e4 c5 2. Nf3 d6 3. Nc3 Nc6 4. Bc4 g6 5. d4 cxd4 6. Nxd4 Bg7 7. Be3 Nf6 8.
Qd2 O-O 9. h4 Na5 10. Be2 Ng4 11. h5 Nxe3 12. fxe3 a6 13. O-O-O b5 14. Nd5 Bb7
15. hxg6 Bxd5 16. gxh7+ Kh8 17. exd5 Qc7 18. Kb1 Nc4 19. Bxc4 bxc4 20. c3 Rab8
21. g4 Rb7 22. Qf2 Qa5 23. Ka1 Qxd5 24. Nf5 Qe5 25. Nxg7 Qxg7 26. Qf4 Rfb8 27.
Rh2 Rc8 28. Rd5 Rb5 29. Rhh5 Rxd5 30. Rxd5 Rc5 31. Rxc5 dxc5 32. Qxc4 Qxh7 33.
a3 Qg6 34. Qxc5 Qxg4 35. Qd4+ Qg7 36. Kb1 Kh7 37. Qxg7+ Kxg7 38. c4 Kf6 39. Kc2
Ke5 40. Kd3 f5 41. b4 Kd6 42. a4 e5 43. a5 Kc6 44. Ke2 1-0

[Event "Thüringenliga 2013/2014"]
[Site "?"]
[Date "2013.10.20"]
[Round "2"]
[White "August, Daniel"]
[Black "Streit, Jürgen"]
[Result "1-0"]
[WhiteElo "1940"]
[BlackElo "1743"]
[PlyCount "79"]
[EventDate "2013.??.??"]
[WhiteTeam "SV Jenapharm Jena"]
[BlackTeam "Schachzirkel Elstertal Langenberg"]

1. c4 c5 2. g3 Nf6 3. Bg2 e6 4. Nc3 a6 5. Nf3 Nc6 6. O-O Be7 7. d4 cxd4 8. Nxd4
O-O 9. e4 Qc7 10. b3 d6 11. Be3 Bd7 12. Rc1 b6 13. Nd5 exd5 14. cxd5 Rab8 15.
Nxc6 Bxc6 16. Rxc6 Qd8 17. Qe2 a5 18. Qb5 Nd7 19. a3 f5 20. exf5 Rxf5 21. Bh3
Rf8 22. Rfc1 Qe8 23. Rc7 Ne5 24. Be6+ Kh8 25. Qxe8 Rfxe8 26. f4 Nd3 27. R1c6
Nc5 28. b4 axb4 29. axb4 Na6 30. Ra7 Nxb4 31. Rxb6 Rxb6 32. Bxb6 Bf6 33. Rd7 g6
34. Rxd6 Rb8 35. Bc7 Rb7 36. Rd7 Nd3 37. Rf7 Rb1+ 38. Kg2 Rb2+ 39. Kf3 Bd4 40.
Ke4 1-0

[Event "Thüringenliga 2013/2014"]
[Site "?"]
[Date "2013.10.20"]
[Round "2"]
[White "Schaudin, Andreas"]
[Black "Krabel, Stefan"]
[Result "0-1"]
[WhiteElo "1650"]
[BlackElo "1926"]
[PlyCount "52"]
[EventDate "2013.??.??"]
[WhiteTeam "Schachzirkel Elstertal Langenberg"]
[BlackTeam "SV Jenapharm Jena"]

1. Nf3 Nf6 2. c4 g6 3. d4 Bg7 4. Nc3 d5 5. cxd5 Nxd5 6. e4 Nxc3 7. bxc3 c5 8.
Bb5+ Bd7 9. Bxd7+ Qxd7 10. O-O O-O 11. Be3 cxd4 12. cxd4 e6 13. Qb3 Nc6 14.
Rad1 Na5 15. Qb4 b6 16. Rd3 Rac8 17. Nd2 Rc2 18. a3 Rfc8 19. Rd1 Bf8 20. Qb1
Qa4 21. f3 Bxa3 22. Nf1 Rb2 23. Qa1 Nb3 24. Rxb3 Qxb3 25. Rc1 Rxc1 26. Bxc1 Ra2
0-1

[Event "Thüringenliga 2013/2014"]
[Site "?"]
[Date "2013.10.20"]
[Round "2"]
[White "Janisch, Manfred"]
[Black "Mißbach, Bernd"]
[Result "0-1"]
[WhiteElo "1741"]
[BlackElo "1896"]
[PlyCount "62"]
[EventDate "2013.??.??"]
[WhiteTeam "Schachzirkel Elstertal Langenberg"]
[BlackTeam "SV Jenapharm Jena"]

1. c4 g6 2. Nc3 Bg7 3. e4 c5 4. Nf3 Nc6 5. Be2 Nf6 6. O-O O-O 7. d3 d6 8. a3 a6
9. Rb1 Rb8 10. d4 cxd4 11. Nxd4 Nxd4 12. Qxd4 Nxe4 13. Qxe4 Bf5 14. Qe3 d5 15.
cxd5 Bxc3 16. Qxc3 Rc8 17. Qd4 e5 18. Qb4 Bxb1 19. Bh6 Bf5 20. Bxf8 Qxf8 21.
Qxb7 Rb8 22. Qxa6 Rxb2 23. Bc4 Qc5 24. Qc6 Qd4 25. d6 Kg7 26. Qc7 Kh6 27. Bxf7
Bd3 28. d7 Rxf2 29. Qc1+ Rf4+ 30. Kh1 Bxf1 31. d8=Q Qxd8 0-1

[Event "Thüringenliga 2013/2014"]
[Site "?"]
[Date "2013.10.20"]
[Round "2"]
[White "Philipp, Michael"]
[Black "Neidig, Stefan"]
[Result "1-0"]
[WhiteElo "1963"]
[BlackElo "2169"]
[PlyCount "71"]
[EventDate "2013.??.??"]
[WhiteTeam "SSV Vimaria 91 Weimar"]
[BlackTeam "TSG Apolda"]

1. e4 c5 2. c3 Nf6 3. e5 Nd5 4. d4 cxd4 5. Nf3 Nc6 6. cxd4 d6 7. Bc4 Nb6 8. Bb5
a6 9. Bxc6+ bxc6 10. Nc3 d5 11. O-O Bg4 12. h3 Bh5 13. e6 fxe6 14. Re1 Bxf3 15.
Qxf3 Qd7 16. Bf4 O-O-O 17. Qd3 Kb7 18. a4 e5 19. Bxe5 e6 20. a5 Nc4 21. Na4 c5
22. Nxc5+ Bxc5 23. dxc5 Nxe5 24. Rxe5 Rc8 25. Rae1 Rc6 26. b4 g6 27. b5 axb5
28. Qxb5+ Kc7 29. Rb1 Rc8 30. a6 Kd8 31. Qa5+ Qc7 32. Rb6 Ra8 33. Re1 Rxc5 34.
Qb4 e5 35. Rb7 Qd6 36. a7 1-0

[Event "Thüringenliga 2013/2014"]
[Site "?"]
[Date "2013.10.20"]
[Round "2"]
[White "Goemann, Jens"]
[Black "Albrecht, Jürgen"]
[Result "1/2-1/2"]
[WhiteElo "2078"]
[BlackElo "2053"]
[PlyCount "64"]
[EventDate "2013.??.??"]
[WhiteTeam "TSG Apolda"]
[BlackTeam "SSV Vimaria 91 Weimar"]

1. c4 Nf6 2. Nf3 g6 3. g3 Bg7 4. Bg2 O-O 5. O-O d6 6. Nc3 Nc6 7. Rb1 e5 8. d3
h6 9. b4 Be6 10. b5 Ne7 11. Nd2 Qc8 12. Re1 Bh3 13. Bh1 Nd7 14. Qc2 f5 15. Ba3
f4 16. Nce4 Nf5 17. Nb3 b6 18. Bb2 Nf6 19. d4 Ng4 20. dxe5 dxe5 21. c5 Qe6 22.
Rbd1 Qe7 23. Rd3 fxg3 24. hxg3 Rad8 25. Red1 Rxd3 26. Qxd3 Kh7 27. Qd7 Nxg3 28.
Nxg3 Qh4 29. Bf3 Nxf2 30. Qxg7+ Kxg7 31. Bxe5+ Kg8 32. Kxf2 Bg4 1/2-1/2

[Event "Thüringenliga 2013/2014"]
[Site "?"]
[Date "2013.10.20"]
[Round "2"]
[White "Mysliwiec, Jörg"]
[Black "Maiwald, Harald"]
[Result "1-0"]
[WhiteElo "2059"]
[BlackElo "2028"]
[PlyCount "91"]
[EventDate "2013.??.??"]
[WhiteTeam "SSV Vimaria 91 Weimar"]
[BlackTeam "TSG Apolda"]

1. b3 e5 2. Bb2 d6 3. g3 g6 4. d4 Bg7 5. Bg2 Nf6 6. dxe5 Ng4 7. Nf3 O-O 8. O-O
Nc6 9. Nc3 dxe5 10. h3 Nh6 11. Qc1 Nd4 12. Rd1 c6 13. Nxd4 exd4 14. Na4 Qe7 15.
Bxd4 Qxe2 16. Re1 Qh5 17. Bxg7 Kxg7 18. Qb2+ f6 19. Re7+ Rf7 20. Re8 b5 21. Nc3
Bb7 22. Rae1 Rxe8 23. Rxe8 b4 24. Ne2 c5 25. Nf4 Qd1+ 26. Kh2 Nf5 27. Ne6+ Kh6
28. Bxb7 Qd7 29. Qc1+ g5 30. h4 Qxe8 31. hxg5+ Kg6 32. Nf4+ Kxg5 33. Bd5 Re7
34. Be6 Nd4 35. Nd5+ Kg6 36. Nxe7+ Qxe7 37. Bd5 Qe5 38. Bb7 Qh5+ 39. Kg2 Qe2
40. Qf4 Nxc2 41. Be4+ Kf7 42. Qc7+ Ke6 43. Qc6+ Kf7 44. Qd7+ Kf8 45. Qc8+ Kg7
46. Qc7+ 1-0

[Event "Thüringenliga 2013/2014"]
[Site "?"]
[Date "2013.10.20"]
[Round "2"]
[White "Rohmeiß, Roberto"]
[Black "Günther, Andreas"]
[Result "1/2-1/2"]
[WhiteElo "2023"]
[BlackElo "2105"]
[PlyCount "108"]
[EventDate "2013.??.??"]
[WhiteTeam "TSG Apolda"]
[BlackTeam "SSV Vimaria 91 Weimar"]

1. d4 f5 2. c4 Nf6 3. Nf3 g6 4. g3 Bg7 5. Bg2 O-O 6. O-O d6 7. Nc3 Qe8 8. b3 e5
9. dxe5 dxe5 10. Bb2 c6 11. e3 Na6 12. Qe2 e4 13. Nd4 Bd7 14. Rfd1 Qe7 15. Nc2
Rad8 16. Rac1 Ng4 17. Ba3 c5 18. Nd5 Qf7 19. Ne1 Bc6 20. Nc3 Ne5 21. Nb5 b6 22.
Rxd8 Rxd8 23. Rd1 Rd7 24. h3 Qe8 25. Bf1 Qd8 26. Rxd7 Qxd7 27. Bb2 Nb4 28. Bxe5
Bxe5 29. a4 Kg7 30. Na3 Kf6 31. Nb1 Qd6 32. Na3 a6 33. Nb1 Ke6 34. Kh2 h5 35.
h4 Be8 36. Kg1 Kf6 37. Ng2 Bf7 38. Kh1 Ke7 39. Kg1 Qd7 40. Ne1 Kf6 41. Ng2 Kg7
42. Ne1 Bf6 43. Ng2 Nd3 44. Ne1 Ne5 45. Qc2 Qd6 46. Be2 Be8 47. Nc3 Bc6 48. Nb1
Kh6 49. Nd2 Ng4 50. Ng2 Qe5 51. Nf1 Qd6 52. Nd2 g5 53. hxg5+ Bxg5 54. Nf1 Ne5
1/2-1/2

[Event "Thüringenliga 2013/2014"]
[Site "?"]
[Date "2013.10.20"]
[Round "2"]
[White "Stiefel, Roland"]
[Black "Steiger, Jürgen"]
[Result "1-0"]
[WhiteElo "1955"]
[BlackElo "1974"]
[PlyCount "99"]
[EventDate "2013.??.??"]
[WhiteTeam "SSV Vimaria 91 Weimar"]
[BlackTeam "TSG Apolda"]

1. d4 d5 2. Nf3 Nf6 3. Bf4 Bf5 4. c4 c6 5. Nc3 e6 6. e3 Qb6 7. Qb3 Nbd7 8. h3
Be7 9. Be2 O-O 10. O-O Ne4 11. Nxe4 Bxe4 12. Nd2 Nf6 13. Nxe4 Nxe4 14. Qc2 f5
15. f3 Nf6 16. c5 Qd8 17. b4 Nd7 18. Qd3 b5 19. a4 a6 20. Ra3 Bf6 21. Bd6 Rf7
22. Rfa1 Rc8 23. axb5 axb5 24. Ra7 e5 25. R1a6 exd4 26. exd4 Qe8 27. Bf1 Nf8
28. Kh2 Rxa7 29. Rxa7 g6 30. f4 Qe1 31. Be5 Bxe5 32. fxe5 Qe4 33. Qxe4 fxe4 34.
Be2 h5 35. g4 Ne6 36. gxh5 Rf8 37. Bg4 Nxd4 38. hxg6 e3 39. e6 Re8 40. Ra3 Nc2
41. Rc3 Nxb4 42. Rxe3 Re7 43. Kg3 Kg7 44. Kf4 d4 45. Rf3 d3 46. Ke5 d2 47. Rf7+
Rxf7 48. gxf7 Nd5 49. Kd6 b4 50. e7 1-0

[Event "Thüringenliga 2013/2014"]
[Site "?"]
[Date "2013.10.20"]
[Round "2"]
[White "Schmidt, Matthias"]
[Black "Gulich, Christian"]
[Result "1-0"]
[WhiteElo "1957"]
[BlackElo "1962"]
[PlyCount "97"]
[EventDate "2013.??.??"]
[WhiteTeam "TSG Apolda"]
[BlackTeam "SSV Vimaria 91 Weimar"]

1. e4 c5 2. b3 e6 3. Bb2 d5 4. exd5 exd5 5. Bb5+ Bd7 6. Qe2+ Qe7 7. Nc3 Nf6 8.
Bxd7+ Kxd7 9. Nf3 Nc6 10. O-O-O d4 11. Qxe7+ Bxe7 12. Ne2 Nd5 13. d3 Rae8 14.
Rde1 Bd8 15. Kd1 Ba5 16. Nd2 g6 17. Nc1 Ne5 18. h3 Re7 19. Re4 f5 20. Rxe5 Rxe5
21. Nc4 Rhe8 22. Nxa5 b5 23. a3 b4 24. Nc4 R5e6 25. g3 Kc6 26. a4 R8e7 27. Nd2
g5 28. Nf3 g4 29. hxg4 fxg4 30. Ng5 Rf6 31. Ne4 Rf3 32. Ne2 Nf6 33. Nxf6 Rxf6
34. Nf4 Rf8 35. Rh6+ Kb7 36. Bc1 Rfe8 37. Bd2 Kb8 38. Rh4 Rg7 39. Rh5 Rc7 40.
Rg5 Rc6 41. Rxg4 Rh6 42. Be1 Rh1 43. Ne2 Kc7 44. Re4 Kd7 45. Nf4 Re7 46. Ke2
Re8 47. Bd2 Re7 48. Kf3 Rd1 49. Ke2 1-0

[Event "Thüringenliga 2013/2014"]
[Site "?"]
[Date "2013.10.20"]
[Round "2"]
[White "Riedel, Finn"]
[Black "Römer, Norbert"]
[Result "1-0"]
[WhiteElo "1981"]
[BlackElo "1862"]
[PlyCount "41"]
[EventDate "2013.??.??"]
[WhiteTeam "SSV Vimaria 91 Weimar"]
[BlackTeam "TSG Apolda"]

1. e4 c5 2. Nf3 e6 3. d4 cxd4 4. Nxd4 a6 5. Nc3 Qc7 6. g3 b5 7. a3 Bb7 8. Bg2
Nf6 9. O-O Bc5 10. Nb3 Be7 11. e5 Bxg2 12. exf6 Bxf1 13. fxe7 Bc4 14. Qg4 Nc6
15. Bf4 Ne5 16. Qxg7 Nf3+ 17. Kh1 Qb7 18. Na5 Qb6 19. Qxh8+ Kxe7 20. Qxa8 Qxf2
21. Bd6+ 1-0

[Event "Thüringenliga 2013/2014"]
[Site "?"]
[Date "2013.10.20"]
[Round "2"]
[White "Carnot, Luca"]
[Black "Rensch, Toralf"]
[Result "0-1"]
[WhiteElo "1537"]
[BlackElo "1986"]
[PlyCount "76"]
[EventDate "2013.??.??"]
[WhiteTeam "TSG Apolda"]
[BlackTeam "SSV Vimaria 91 Weimar"]

1. d4 b6 2. Nf3 Bb7 3. e3 e6 4. Bd3 f5 5. c4 Nf6 6. Nc3 Bb4 7. Bd2 O-O 8. O-O
Bxc3 9. Bxc3 Ne4 10. Bd2 d6 11. Qe2 Nd7 12. Rfd1 Qe8 13. Rac1 Qg6 14. b4 Nxd2
15. Rxd2 e5 16. Bb1 Rae8 17. d5 Qh6 18. a3 Bc8 19. Kh1 f4 20. Re1 Nf6 21. e4 g5
22. Ng1 g4 23. Rd3 Nh5 24. Qd2 Qg6 25. Ne2 Kh8 26. f3 Rg8 27. Rg1 Ref8 28. Qe1
Qg5 29. Rc3 Rf6 30. c5 Rh6 31. fxg4 Bxg4 32. Nc1 Bc8 33. Ne2 Ng3+ 34. Nxg3 fxg3
35. h3 Bxh3 36. gxh3 Rxh3+ 37. Kg2 Rh2+ 38. Kf1 Qf4+ 0-1

[Event "Thüringenliga 2013/2014"]
[Site "?"]
[Date "2013.11.17"]
[Round "3"]
[White "Vökler, Bernd"]
[Black "Langheinrich, Ferenc"]
[Result "1/2-1/2"]
[WhiteElo "2320"]
[BlackElo "2390"]
[PlyCount "54"]
[EventDate "2013.??.??"]
[WhiteTeam "Erfurter Schachklub"]
[BlackTeam "ESV Lok Sömmerda"]

1. e4 d5 2. exd5 Qxd5 3. Nc3 Qd8 4. g3 Nf6 5. Bg2 Nc6 6. Nge2 e5 7. O-O Be7 8.
d3 O-O 9. h3 Nb4 10. a3 Nbd5 11. Nxd5 Nxd5 12. d4 e4 13. c4 Nb6 14. Qc2 Bf5 15.
Be3 h5 16. Nf4 g5 17. Nxh5 Bg6 18. g4 f5 19. Ng3 f4 20. Bxe4 Bxe4 21. Qxe4 Qe8
22. c5 Na4 23. Nf5 Bf6 24. Qc2 Qc6 25. Qb3+ Kh8 26. Bd2 Rad8 27. Rae1 Nxc5
1/2-1/2

[Event "Thüringenliga 2013/2014"]
[Site "?"]
[Date "2013.11.17"]
[Round "3"]
[White "Krüger, Rainer"]
[Black "Brüggemann, Joachim"]
[Result "1-0"]
[WhiteElo "2074"]
[BlackElo "2253"]
[PlyCount "147"]
[EventDate "2013.??.??"]
[WhiteTeam "ESV Lok Sömmerda"]
[BlackTeam "Erfurter Schachklub"]

1. e4 c5 2. Nf3 Nc6 3. d4 cxd4 4. Nxd4 Nf6 5. Nc3 d6 6. Be2 e5 7. Nb3 Be7 8.
O-O O-O 9. f4 Be6 10. f5 Bd7 11. Be3 Nb8 12. Bc4 Bc6 13. Bd5 Nbd7 14. a4 a5 15.
Nd2 Rc8 16. Qf3 Kh8 17. Kh1 Nb6 18. Ra3 Nbxd5 19. exd5 e4 20. Ndxe4 Nxd5 21.
Nxd5 Bxd5 22. Rd1 Bxe4 23. Qxe4 Bf6 24. Rb3 Re8 25. Qd3 Qd7 26. Rb5 h6 27. c3
Qc6 28. h3 Re4 29. Bf2 Rce8 30. Qxd6 Re2 31. Qg3 Qe4 32. Bd4 Qc2 33. Rf1 Bxd4
34. cxd4 R8e3 35. Qg4 Qd3 36. f6 Rg3 37. fxg7+ Kg8 38. Qc8+ Kxg7 39. Rxb7 Re7
40. Rf2 Qd1+ 41. Kh2 Qxd4 42. Rxe7 Qxf2 43. Rxf7+ Kxf7 44. Qc7+ Kf6 45. Qd6+
Kf7 46. Qxg3 Qxb2 47. Qc7+ Kf6 48. Qd8+ Kf7 49. Qxa5 Qb8+ 50. Kg1 Qb1+ 51. Kf2
Qb2+ 52. Ke3 Qb3+ 53. Kd2 Qb2+ 54. Kd3 Qb1+ 55. Kd2 Qb2+ 56. Ke3 Qb3+ 57. Ke2
Qc4+ 58. Ke3 Qb3+ 59. Kd4 Qd1+ 60. Ke3 Qb3+ 61. Kf4 Qc4+ 62. Kg3 Qb3+ 63. Kh4
Qc4+ 64. g4 Qd4 65. Kh5 Kg7 66. Qf5 Kh8 67. Qf8+ Kh7 68. Qxh6+ Kg8 69. Qe6+ Kg7
70. Qe7+ Kh8 71. g5 Qd3 72. Qf6+ Kg8 73. Qg6+ Kh8 74. Qxd3 1-0

[Event "Thüringenliga 2013/2014"]
[Site "?"]
[Date "2013.11.17"]
[Round "3"]
[White "Steinacker, Alex"]
[Black "Wanzek, Daniel"]
[Result "0-1"]
[WhiteElo "2140"]
[BlackElo "2071"]
[PlyCount "81"]
[EventDate "2013.??.??"]
[WhiteTeam "Erfurter Schachklub"]
[BlackTeam "ESV Lok Sömmerda"]

1. c4 e5 2. g3 Nc6 3. Bg2 g6 4. Nc3 Bg7 5. e3 d6 6. Nge2 f5 7. d3 Nf6 8. O-O
O-O 9. Rb1 Be6 10. Nd5 e4 11. Nef4 Bf7 12. b3 exd3 13. Qxd3 Ne4 14. Bb2 Ne5 15.
Qc2 Qd7 16. Rbd1 Rae8 17. Nd3 Qc8 18. Bd4 Be6 19. Rc1 Kh8 20. N5f4 Bf7 21. c5
g5 22. Nh3 h6 23. cxd6 cxd6 24. Qe2 Qd7 25. Rfd1 Qe7 26. Bxa7 Nc6 27. Bb6 Nc3
28. Rxc3 Bxc3 29. Qc2 Bg7 30. Bxc6 Rc8 31. Nb4 bxc6 32. Qd2 c5 33. Nd5 Qb7 34.
Ba5 Bh5 35. Rc1 Bf3 36. Nb6 Rc6 37. Nc4 Bg4 38. Qd5 Bxh3 39. Nxd6 Qd7 40. Rd1
Bg4 41. Bc3 0-1

[Event "Thüringenliga 2013/2014"]
[Site "?"]
[Date "2013.11.17"]
[Round "3"]
[White "Siegemund, Joachim"]
[Black "Streltsyn, Grygoriy"]
[Result "1/2-1/2"]
[WhiteElo "2000"]
[BlackElo "2124"]
[PlyCount "37"]
[EventDate "2013.??.??"]
[WhiteTeam "ESV Lok Sömmerda"]
[BlackTeam "Erfurter Schachklub"]

1. Nf3 Nf6 2. c4 c5 3. Nc3 b6 4. g3 Bb7 5. Bg2 g6 6. O-O Bg7 7. d4 cxd4 8. Nxd4
Bxg2 9. Kxg2 O-O 10. h3 Nc6 11. Nxc6 dxc6 12. Be3 Qc8 13. Rc1 Qe6 14. b3 Ne4
15. Nxe4 Qxe4+ 16. Kh2 Rfd8 17. Qc2 Qxc2 18. Rxc2 Rd7 19. Kg2 1/2-1/2

[Event "Thüringenliga 2013/2014"]
[Site "?"]
[Date "2013.11.17"]
[Round "3"]
[White "Duzy, Stefan"]
[Black "Kalisch, Michael"]
[Result "1/2-1/2"]
[WhiteElo "1923"]
[BlackElo "1978"]
[PlyCount "37"]
[EventDate "2013.??.??"]
[WhiteTeam "Erfurter Schachklub"]
[BlackTeam "ESV Lok Sömmerda"]

1. d4 Nf6 2. c4 e6 3. Nc3 d5 4. Nf3 Be7 5. Bg5 O-O 6. e3 Nbd7 7. Qb3 c6 8. Bd3
a6 9. O-O dxc4 10. Qxc4 h6 11. Bh4 Nd5 12. Bxe7 Qxe7 13. Rac1 Re8 14. Rfd1 Nxc3
15. Qxc3 e5 16. Nxe5 Nxe5 17. dxe5 Qxe5 18. Qxe5 Rxe5 19. Bc4 1/2-1/2

[Event "Thüringenliga 2013/2014"]
[Site "?"]
[Date "2013.11.17"]
[Round "3"]
[White "Koksch, Robert"]
[Black "Burkhardt, Kai"]
[Result "1/2-1/2"]
[WhiteElo "1938"]
[BlackElo "1728"]
[PlyCount "33"]
[EventDate "2013.??.??"]
[WhiteTeam "ESV Lok Sömmerda"]
[BlackTeam "Erfurter Schachklub"]

1. d4 Nf6 2. c4 e6 3. Nc3 d5 4. Nf3 Be7 5. Bg5 O-O 6. e3 Nbd7 7. Rc1 a6 8. cxd5
exd5 9. Bd3 c6 10. O-O Ne4 11. Bxe7 Qxe7 12. Qe2 Ndf6 13. Ne5 Re8 14. Nxe4 dxe4
15. Bc4 Be6 16. Bxe6 Qxe6 17. Qc4 1/2-1/2

[Event "Thüringenliga 2013/2014"]
[Site "?"]
[Date "2013.11.17"]
[Round "3"]
[White "Troyke, Doreen"]
[Black "Kühn, Martin"]
[Result "1-0"]
[WhiteElo "1980"]
[BlackElo "1937"]
[PlyCount "67"]
[EventDate "2013.??.??"]
[WhiteTeam "Erfurter Schachklub"]
[BlackTeam "ESV Lok Sömmerda"]

1. g3 Nf6 2. Bg2 d5 3. Nf3 e6 4. O-O Be7 5. c4 O-O 6. b3 Nbd7 7. Bb2 c6 8. Nc3
b6 9. Rc1 Bb7 10. cxd5 exd5 11. d4 Bd6 12. Qc2 Re8 13. Rfe1 Bb4 14. a3 Bxc3 15.
Qxc3 Ne4 16. Qc2 Qf6 17. e3 Qh6 18. Nd2 Ndf6 19. Nxe4 Nxe4 20. f3 Ng5 21. e4
dxe4 22. fxe4 Rac8 23. h4 Ne6 24. Qf2 Qg6 25. b4 Nf8 26. Rcd1 Nd7 27. Bh3 Rcd8
28. e5 c5 29. Bf5 Qc6 30. d5 Qb5 31. e6 fxe6 32. Bxe6+ Rxe6 33. dxe6 Qc6 34.
Qf7+ 1-0